| 000 | 00513nam a22001817a 4500 | ||
|---|---|---|---|
| 003 | CEME | ||
| 005 | 20210628203434.0 | ||
| 008 | 210119b xxu||||| |||| 00| 0 eng d | ||
| 020 | _a0-471-20810-8 | ||
| 040 | _cceme | ||
| 082 | _a621.382 HEM | ||
| 100 |
_aHemming, Leland.H _965464 |
||
| 245 | _aElectromagnetic anechoic chambers, a fundamental design and specification guide | ||
| 260 |
_aUSA _bWILEY _c2002 |
||
| 300 | _aXVI, 220P | ||
| 650 |
_aELECTROMAGNETIC ANECHOIC CHAMBERS. _965465 |
||
| 942 |
_cBK _2ddc |
||
| 999 |
_c573663 _d573663 |
||